Reducción de la pobreza en Costa Rica: el impacto de las políticas públicas /
El siguiente artículo desarrolla un análisis del éxito o fracaso de Costa Rica en su lucha contra la pobreza desde 1960. El informe se desarrolla en tres partes: la primera considera la magnitud de la reducción de la pobreza, la segunda parte considera los mecanismos centrales para la reducción de l...
Shranjeno v:
| Glavni avtor: | |
|---|---|
| Drugi avtorji: | , |
| Format: | Texto |
| Teme: | |
| Oznake: |
Označite
Brez oznak, prvi označite!
|
MARC
| LEADER | 00000 a a2200000 04500 | ||
|---|---|---|---|
| 001 | 44096 | ||
| 003 | |||
| 040 | |||
| 100 | |a Seligson, Michell A. | ||
| 245 | |a Reducción de la pobreza en Costa Rica: |b el impacto de las políticas públicas / |c Michell A. Seligson, Juliana Martínez F. y Juan Diego Trejos S. | ||
| 520 | |a El siguiente artículo desarrolla un análisis del éxito o fracaso de Costa Rica en su lucha contra la pobreza desde 1960. El informe se desarrolla en tres partes: la primera considera la magnitud de la reducción de la pobreza, la segunda parte considera los mecanismos centrales para la reducción de la pobreza, y en la tercera parte se concluye con una explicación sobre la motivación para la reducción de la pobreza en Costa Rica. | ||
| 590 | |a RRH/MARZO2013 | ||
| 650 | |a 1.POBREZA | ||
| 650 | |a 2.DESEMPLEO | ||
| 650 | |a 3.POLITICA SOCIAL | ||
| 650 | |a 4.SALARIOS | ||
| 650 | |a 5.SALUD | ||
| 650 | |a 6.EDUCACION | ||
| 650 | |a 7.COSTA RICA | ||
| 700 | |a Martinez Franzoni, Juliana | ||
| 700 | |a Trejos Solórzano, Juan Diego | ||
| 773 | |g páginas 215-323 : tablas, gráficos | ||
| 999 | |c 31435 |d 31435 | ||
